<?xml version="1.0" encoding="UTF-8"?>
<record
    xmlns:xsi="http://www.w3.org/2001/XMLSchema-instance"
    xsi:schemaLocation="http://www.loc.gov/MARC21/slim http://www.loc.gov/standards/marcxml/schema/MARC21slim.xsd"
    xmlns="http://www.loc.gov/MARC21/slim">

  <leader>01373cam a2200301 a 4500</leader>
  <controlfield tag="001">000007739</controlfield>
  <controlfield tag="005">20200929154300.0</controlfield>
  <controlfield tag="008">841212m19801982sp a     b    100 0 spa  </controlfield>
  <datafield tag="010" ind1=" " ind2=" ">
    <subfield code="a">80152727</subfield>
  </datafield>
  <datafield tag="020" ind1=" " ind2=" ">
    <subfield code="a">8400046234 (v. 1)</subfield>
  </datafield>
  <datafield tag="020" ind1=" " ind2=" ">
    <subfield code="a">8400050096 (v. 2)</subfield>
  </datafield>
  <datafield tag="035" ind1=" " ind2=" ">
    <subfield code="a">(DLC) 80152727</subfield>
  </datafield>
  <datafield tag="040" ind1=" " ind2=" ">
    <subfield code="a">DO-SdBNP</subfield>
    <subfield code="c">DLC</subfield>
    <subfield code="d">DLC</subfield>
    <subfield code="d">BNPHU</subfield>
  </datafield>
  <datafield tag="082" ind1=" " ind2=" ">
    <subfield code="a">923.14655</subfield>
    <subfield code="b">A659e</subfield>
  </datafield>
  <datafield tag="111" ind1="2" ind2=" ">
    <subfield code="a">Congreso de Historia de la Corona de Arag&#xF3;n</subfield>
    <subfield code="n">(10th :</subfield>
    <subfield code="d">1979 :</subfield>
    <subfield code="c">Zaragoza, Spain)</subfield>
    <subfield code="9">21425</subfield>
  </datafield>
  <datafield tag="245" ind1="1" ind2="0">
    <subfield code="a">Jaime I y su &#xE9;poca :</subfield>
    <subfield code="b">[comunicaciones] : X Congreso de Historia de la Corona de Arag&#xF3;n.</subfield>
  </datafield>
  <datafield tag="260" ind1=" " ind2=" ">
    <subfield code="a">Zaragoza :</subfield>
    <subfield code="b">Institucion Fernando el Cat&#xF3;lico,</subfield>
    <subfield code="c">[1980-1982?].</subfield>
  </datafield>
  <datafield tag="300" ind1=" " ind2=" ">
    <subfield code="a">2 v. :</subfield>
    <subfield code="b">ill. ;</subfield>
    <subfield code="c">24 cm.</subfield>
  </datafield>
  <datafield tag="490" ind1="1" ind2=" ">
    <subfield code="a">Publicaci&#xF3;n de la Instituci&#xF3;n "Fernando el Catolico" ;</subfield>
    <subfield code="v">n&#xFA;m. 746</subfield>
  </datafield>
  <datafield tag="500" ind1=" " ind2=" ">
    <subfield code="a">Catalan, English, French, Italian, and Spanish.</subfield>
  </datafield>
  <datafield tag="504" ind1=" " ind2=" ">
    <subfield code="a">Incluye referencias bibliogr&#xE1;ficas</subfield>
  </datafield>
  <datafield tag="505" ind1="0" ind2=" ">
    <subfield code="a">[1.] Expansi&#xF3;n pol&#xED;tico-militar, ordenamiento interior, relaciones exteriores -- [2.] Econom&#xED;a y sociedad, mundo cultural, historiograf&#xED;a y fuentes.</subfield>
  </datafield>
  <datafield tag="600" ind1="0" ind2="4">
    <subfield code="a">JAIME</subfield>
    <subfield code="b">I</subfield>
    <subfield code="c">REY DE ARAG&#xD3;N,</subfield>
    <subfield code="d">1208-1276</subfield>
    <subfield code="x">CONGRESO</subfield>
    <subfield code="9">21426</subfield>
  </datafield>
  <datafield tag="650" ind1=" " ind2="4">
    <subfield code="a">Gobernadores</subfield>
    <subfield code="9">21427</subfield>
  </datafield>
  <datafield tag="651" ind1=" " ind2="4">
    <subfield code="a">Arag&#xF3;n (Espa&#xF1;a{Rpara}</subfield>
    <subfield code="x">Historia</subfield>
    <subfield code="y">JAIME I, 1213-1276</subfield>
    <subfield code="9">21428</subfield>
  </datafield>
  <datafield tag="830" ind1=" " ind2="0">
    <subfield code="a">Publicaci&#xF3;n ... de la Instituci&#xF3;n "Fernando el Catolico" ;</subfield>
    <subfield code="n">n&#xFA;m. 746</subfield>
    <subfield code="9">21429</subfield>
  </datafield>
  <datafield tag="910" ind1=" " ind2=" ">
    <subfield code="a">Catalogaci&#xF3;n derivada / LC</subfield>
  </datafield>
  <datafield tag="952" ind1=" " ind2=" ">
    <subfield code="0">0</subfield>
    <subfield code="1">0</subfield>
    <subfield code="5">2</subfield>
    <subfield code="7">0</subfield>
    <subfield code="8">MO</subfield>
    <subfield code="a">GR</subfield>
    <subfield code="b">GR</subfield>
    <subfield code="c">CT</subfield>
    <subfield code="d">2009-09-10</subfield>
    <subfield code="i">LF1</subfield>
    <subfield code="l">0</subfield>
    <subfield code="o">923.14655 A659e</subfield>
    <subfield code="p">7739-10</subfield>
    <subfield code="r">2020-06-25</subfield>
    <subfield code="w">2020-06-25</subfield>
    <subfield code="y">2</subfield>
    <subfield code="Z">Pr&#xE9;stamo interno</subfield>
  </datafield>
  <datafield tag="999" ind1=" " ind2=" ">
    <subfield code="c">7517</subfield>
    <subfield code="d">7517</subfield>
  </datafield>
</record>
